000
00248nam a22000977a 4500
999
_c
16231
_d
16231
003
OSt
008
200625b ||||| |||| 00| 0 eng d
100
_a
Natarajan, T
_9
4633
245
_a
Mathematics for the engineering course vol-1 2nd year
942
_c
BK